Quizzes
Events
Quiz Creation
Community
Videos
Private Events
Remove Ads
Sign In
Join for FREE
Feedback
Dark Mode
Quiz Categories
Sports
Geography
Music
Movies
Television
Just For Fun
Miscellaneous
History
Literature
Language
Science
Gaming
Entertainment
Religion
Holiday
For Kids
Quiz Lab
Recent
Popular Today
Quiz Kudos Today
Editor Picks
Curator Picks
Quizzes by...
Day
Popularity
Type
Ratings
Length
Year
Community
Subscriptions
Recent Discussions
Orange Saloon
Badges
Playlists
Quests
Create
Leaderboards
Showdown
Live 5
Trivia Bingo
Activity
Puzzle Library
Sporcle Events
Private Events
Virtual Trivia
Globe League
Become a Host
Pub Owners
SporcleCon
Opinionation
Our Games
Videos
Blog
Mobile Apps
Partnerships
Remove Ads and Go Orange
Feedback
History
US Presidents
World Leaders
Politics
Nation
Discovery
War
Decade
Year
Century
Biography
Art
History
US Presidents
World Leaders
Politics
Nation
Discovery
War
Decade
Year
Century
Biography
Art
Random Quiz
Search Sporcle
×
Quiz Lab
Quiz Lab
History
College
Type in answers that appear in a list
Type in answers that appear in a list
Classic
Best Score? Go Orange.
Colleges that have hosted Presidential Debates Stats
Can you name the colleges that have hosted US presidential debates?
By
jonesjeffum
6m
18 Questions
98 Plays
98 Plays
98 Plays
Comments
Comments
Give Quiz Kudos
Give Quiz Kudos
-
- Ratings
hide this ad
Replay
Link that replays current quiz
Next Quiz
Link to next quiz in quiz playlist
You Got
0%
They Got
Avg Score
29%
Avg Friend Score
Upgrade to see
Score Distribution
Jump to the score distribution portion of the page
Score
0/18
Timer
06:00
0
Plays Today
#
College
% Correct
1
University of California, Los Angeles
64.3%
4
Washington University in St. Louis
60.2%
1
University of Miami
52%
1
Michigan State University
42.9%
1
Arizona State University
35.7%
1
Georgia Tech
33.7%
1
University of Denver
30.6%
2
Wake Forest University
30.6%
1
University of Mississippi
28.6%
#
College
% Correct
2
Hofstra University
25.5%
1
University of Massachusetts
23.5%
1
College of William & Mary
19.4%
2
Centre College
17.3%
1
Case Western Reserve University
17.3%
1
University of San Diego
15.3%
1
Belmont University
11.2%
1
University of Richmond
10.2%
1
Lynn University
5.1%
Quiz Playlist
Details
Report
Send in Message
Add To Playlist
Classic:
Type in answers that appear in a list
Quiz Source
Last Updated: Feb 16, 2017
Quiz Scoreboard
CHALLENGE
Sign Up to Join the Scoreboard
Show All
Scores
Hide
Comments
May contain spoilers
Recently Published
Billboard Blitz: Fleetwood Mac
by CooCooCachoo
Music
15s
Presidents Visiting Landmarks
by Hejman
History
7m
An Introduction to Baseball
by treessimontrees
Sports
5m
More to Explore
Quiz From the Vault
Featured Blog Post
Where Did the Easter Bunny Come From?
hide this ad
You Might Also Like...
Tags
College Quiz
US Presidents Quiz
debate
host
Today's Top Quizzes in History
Browse History
hide this ad
Today's Top Quizzes in College
Browse College
Top Contributed Quizzes in History
1
Popular People in 1991
2
Popular People in 1981
3
Popular People in 1951
4
Popular People in 1941
5
Popular People in 1986
6
Popular People in 1976
7
Popular People in 1921
8
I Am Born On March 28th
9
5-to-1: 20th Century Images of War
10
Popular People in 1946
Explore More
Trending Topics
Disney
Anime
NBA
Harry Potter
Marvel
Kpop
Crossword
The Office
Song
NFL
Pokémon
Country
Soccer
Puzzle
WWE
hide this ad
More By:
jonesjeffum
Quiz
Plays
Rating
Category
Featured
Created
NBA Players by Face
1,637,319
4.55
Sports
Feb 17, 2011
NBA Playoffs Statistical Leaders
405,243
4.54
Sports
Apr 16, 2010
City by Landmark Photo
375,305
4.08
Geography
May 5, 2010
Sports Logo Silhouettes
303,537
4.19
Sports
Jan 24, 2013
Sightseeing in North America
275,403
3.76
Geography
May 3, 2010
Go to Creator's Profile
Score Distribution
Quiz Creator Spotlight
jonesjeffum
Follow
Send a Message
Quizzes Created
-
Created Quiz Play Count
-
More By This Creator
Popular Quizzes Today
1
Find the US States - No Outlines Minefield
2
Find the Countries of Europe - No Outlines Minefield
3
The Countries of the World
4
Find the US States
5
Risky Map Clicking: Biggest States A-Z
6
US States
7
Popular People in 1961
8
Movies - When Are They Set?
More History Quizzes
20th Century Clicks
Published
Trending Quizzes
Risky Map Clicking: Least Populous States A-Z
1-10 Letter G Words
1-10 Letter F Words
Risky Map Clicking: Next State Alphabetically
Risky Map Clicking: Biggest States A-Z
Recently Updated
Leaping Animals
pecheneg
Reality TV Shows (A-Z)
bhenderson79
Rickey Henderson's Hall of Fame Teammates
pecheneg
Champions League XIs: Arsenal
pecheneg
Quick Pick: Celebrities in WWE's Hall of Fame
aduchscher
A-Z Keypad Blitz II
pecheneg
Multiple Oscar Actors
pecheneg
Mystery Phrase Blitz: Oscar 'Best Actors'
pecheneg
F. Scott Fitzgerald Novels
LTH
Pick 3 Villains
ddd62291
Trending Topics
Kpop
Disney
Marvel
Crossword
Anime
Harry Potter
NBA
Soccer
WWE
NFL
Puzzle
Song
Pokémon
Country
The Office
Your Account Isn't Verified!
In order to create a playlist on Sporcle, you need to verify the email address you used during registration. Go to your
Sporcle Settings
to finish the process.
Report this User
Report this user for behavior that violates our
Community Guidelines
.
Details:
Send Report
Go to the Sporcle.com Mobile Site →
Comments